00801pam a2200241 i 450000100060000000300080000600500170001400800390003102000170007003500190008704000320010604100080013808200230014624500550016926000330022430000240025750400410028165000310032270000270035394200120038099900170039295201500040931400BD-RjUL20211209051709.0140415s1978 nyu b 000 0 eng a0030461316 : a(BD-RjUL)31487 aDLCcDLCdDLCdBD-RjULbeng aeng00a174.9097bQUE 197800aQuestioning media ethics /ceditor, Bernard Rubin. aNew York :bPraeger,cc1978. ax, 308 p. ;c25 cm. aIncludes bibliographical references. 0aJournalistic ethics.928141 aRubin, Bernard.995556 2ddccBK c31400d31400 00102ddc40718NFICaRUCLbRUCLcReadingd1989-06-29eAsia Fundation Giftg0.00l0o174.9097 QUE 1978r2014-04-15 00:00:00tC-1w2014-04-15yBK